[Event "RUS-ch Higher League 77th"]
[Site "Lipetsk"]
[Date "2025.07.04"]
[Round "8"]
[White "Rozum, Ivan"]
[Black "Goganov, Aleksey"]
[Result "1/2-1/2"]
[WhiteElo "2435"]
[BlackElo "2516"]
[PlyCount "120"]
[EventDate "2025.06.26"]
[EventType "swiss"]
[EventRounds "9"]
[EventCountry "RUS"]
[SourceTitle "CB28_2025"]
[SourceDate "2025.07.09"]
[SourceVersion "1"]
[SourceVersionDate "2025.07.09"]
[SourceQuality "1"]

1. c4 c5 2. Nf3 Nc6 3. Nc3 Nf6 4. d4 cxd4 5. Nxd4 e6 6. g3 Qb6 7. Nb3 Ne5 8. e4 Bb4 9. Qe2 d6 10. Bd2 0-0 11. 0-0-0 Bd7 12. f4 Ng6 13. Bg2 a5 14. Kb1 a4 15. Na1 Bc6 16. Nc2 Bc5 17. g4 Rfe8 18. g5 Nd7 19. Bh3 Rac8 20. Rhf1 Qa6 21. Rf3 Nb6 22. Bf1 d5 23. cxd5 Qxe2 24. Nxe2 exd5 25. Rc3 Bd7 26. e5 Bf5 27. Bh3 Bxh3 28. Rxh3 f6 29. gxf6 gxf6 30. Rg3 Kh8 31. Bc3 fxe5 32. fxe5 d4 33. Ncxd4 Nd5 34. e6 Nxc3+ 35. Rxc3 b6 36. Rc4 Rcd8 37. Rxa4 Nf8 38. Kc2 Nxe6 39. Nxe6 Rxd1 40. Kxd1 Rxe6 41. Ng3 Kg7 42. Re4 Rxe4 43. Nxe4 Bd4 44. b3 Kg6 45. Ke2 Bg1 46. h3 Kf5 47. Kf3 Bd4 48. Nf2 b5 49. Nd3 Bc3 50. a3 Bf6 51. Nb4 Be7 52. Nc6 Bxa3 53. Nd4+ Ke5 54. Nxb5 Bb4 55. Kg4 Kd5 56. Nc7+ Kd4 57. h4 h5+ 58. Kxh5 Be1 59. Nb5+ Kc5 60. Na3 Bxh4 1/2-1/2

[Event "RUS-ch Higher League 77th"]
[Site "Lipetsk"]
[Date "2025.07.02"]
[Round "6"]
[White "Popov, Konstantin"]
[Black "Goganov, Aleksey"]
[Result "1-0"]
[WhiteElo "2391"]
[BlackElo "2516"]
[PlyCount "77"]
[EventDate "2025.06.26"]
[EventType "swiss"]
[EventRounds "9"]
[EventCountry "RUS"]
[SourceTitle "CB28_2025"]
[SourceDate "2025.07.09"]
[SourceVersion "1"]
[SourceVersionDate "2025.07.09"]
[SourceQuality "1"]

1. e4 c5 2. Nf3 d6 3. d4 cxd4 4. Nxd4 Nf6 5. Nc3 a6 6. Bd3 e5 7. Nde2 Be7 8. 0-0 0-0 9. h3 Nbd7 10. Ng3 Nc5 11. Be2 b5 12. b4 Ne6 13. a4 bxa4 14. Rxa4 Nd4 15. Bd3 Rb8 16. Bg5 Nb5 17. Nxb5 axb5 18. Ra5 Bd7 19. Qe2 Qe8 20. Nf5 Bxf5 21. exf5 Nd5 22. Bd2 Nc7 23. Ra7 Nd5 24. Qf3 Nf6 25. Bg5 h6 26. Bxf6 Bxf6 27. Be4 Qc8 28. Rd1 Rb6 29. c3 Qc4 30. g3 Qc8 31. h4 Re8 32. Bd5 Re7 33. Rda1 Rb8 34. Rxe7 Bxe7 35. Ra7 Bf6 36. Rxf7 Kh8 37. Qh5 Qd8 38. Qg6 Rc8 39. g4 1-0

[Event "RUS-ch Higher League 77th"]
[Site "Lipetsk"]
[Date "2025.07.01"]
[Round "5"]
[White "Goganov, Aleksey"]
[Black "Shubin, Kirill"]
[Result "1/2-1/2"]
[WhiteElo "2516"]
[BlackElo "2445"]
[PlyCount "116"]
[EventDate "2025.06.26"]
[EventType "swiss"]
[EventRounds "9"]
[EventCountry "RUS"]
[SourceTitle "CB28_2025"]
[SourceDate "2025.07.09"]
[SourceVersion "1"]
[SourceVersionDate "2025.07.09"]
[SourceQuality "1"]

1. d4 Nf6 2. c4 e6 3. Nf3 b6 4. g3 Bb7 5. Bg2 Be7 6. 0-0 0-0 7. Nc3 Ne4 8. Bd2 d6 9. d5 Nxd2 10. Nxd2 e5 11. b4 Nd7 12. Nb3 f5 13. c5 bxc5 14. bxc5 Ba6 15. c6 Nb6 16. Qc2 g6 17. a4 Bf6 18. a5 Nc8 19. Nc1 Ne7 20. N1a2 h5 21. Rab1 Bc8 22. Rb7 a6 23. Rfb1 f4 24. Rb8 Rxb8 25. Rxb8 Nf5 26. Nb4 Bg7 27. Qd3 fxg3 28. hxg3 Qg5 29. Ne4 Qc1+ 30. Kh2 h4 31. Qd2 hxg3+ 32. fxg3 Qa1 33. Nc2 Qa4 34. Bf3 Bh6 35. Qc3 Nd4 36. Nxd4 exd4 37. Qb4 Qxb4 38. Rxb4 Be3 39. Kg2 Kg7 40. g4 g5 41. Rb8 Kf7 42. Kf1 Ke7 43. Ke1 Rg8 44. Kd1 Be6 45. Rb7 Bxd5 46. Rxc7+ Ke6 47. Rd7 Bb3+ 48. Ke1 Bf4 49. Rh7 Rc8 50. Rh6+ Ke7 51. Nf6 Kf7 52. Nd5 Bg3+ 53. Kf1 Rxc6 54. Rh7+ Kf8 55. Kg2 Be5 56. Nb4 Rc5 57. Nxa6 Rxa5 58. Rb7 Rxa6 1/2-1/2

[Event "RUS-ch Higher League 77th"]
[Site "Lipetsk"]
[Date "2025.06.29"]
[Round "4"]
[White "Temirbekov, Taimaz"]
[Black "Goganov, Aleksey"]
[Result "0-1"]
[WhiteElo "2342"]
[BlackElo "2516"]
[PlyCount "86"]
[EventDate "2025.06.26"]
[EventType "swiss"]
[EventRounds "9"]
[EventCountry "RUS"]
[SourceTitle "CB28_2025"]
[SourceDate "2025.07.09"]
[SourceVersion "1"]
[SourceVersionDate "2025.07.09"]
[SourceQuality "1"]

1. e4 c5 2. Nf3 d6 3. Bb5+ Nd7 4. c4 Ngf6 5. 0-0 g6 6. d3 Bg7 7. h3 0-0 8. Ba4 Nb8 9. Nc3 Bd7 10. Rb1 Bxa4 11. Qxa4 Nc6 12. a3 Nd7 13. Bd2 a6 14. Qd1 Rb8 15. b4 b5 16. cxb5 axb5 17. bxc5 Nxc5 18. Qe2 Ne6 19. Rfc1 Ncd4 20. Nxd4 Nxd4 21. Qd1 Qd7 22. Bg5 e6 23. Ne2 Qa7 24. Rb4 Nxe2+ 25. Qxe2 Qxa3 26. Rcb1 Qa6 27. d4 Rb7 28. h4 h5 29. d5 exd5 30. exd5 Rfb8 31. g4 hxg4 32. Rxg4 Ra8 33. Rbb4 Qa2 34. Qe4 Rbb8 35. h5 Re8 36. Qf3 Ra3 37. Be3 Qa1+ 38. Kg2 Rexe3 39. fxe3 Ra2+ 40. Kh3 Be5 41. Rxg6+ fxg6 42. hxg6 Rh2+ 43. Kg4 Qg1+ 0-1

[Event "Moscow Aeroflot op-A"]
[Site "Moscow"]
[Date "2025.03.05"]
[Round "8"]
[White "Esipenko, Andrey"]
[Black "Goganov, Aleksey"]
[Result "1/2-1/2"]
[WhiteElo "2691"]
[BlackElo "2472"]
[PlyCount "66"]
[EventDate "2025.03.01"]
[EventType "swiss"]
[EventRounds "9"]
[EventCountry "RUS"]
[SourceTitle "CB11_2025"]
[SourceDate "2025.03.12"]
[SourceVersion "1"]
[SourceVersionDate "2025.03.12"]
[SourceQuality "1"]

1. d4 Nf6 2. c4 e6 3. Nc3 Bb4 4. Nf3 d5 5. cxd5 exd5 6. Bf4 Ne4 7. Rc1 Nc6 8. Nd2 g5 9. Bg3 Nxg3 10. hxg3 Nxd4 11. e3 Bxc3 12. Rxc3 Ne6 13. e4 dxe4 14. Bc4 Bd7 15. 0-0 Qe7 16. Nxe4 0-0-0 17. Nd6+ cxd6 18. Bxe6+ Kb8 19. Bd5 Be6 20. Re1 Qd7 21. Rb3 Bxd5 22. Qxd5 g4 23. Re4 Rc8 24. Rbe3 Rhe8 25. Rxe8 Rxe8 26. Rxe8+ Qxe8 27. Qxd6+ Ka8 28. Qd4 Qg8 29. b4 a6 30. a4 Qg6 31. Qd8+ Ka7 32. Qd4+ Ka8 33. Qd8+ Ka7 1/2-1/2

[Event "Moscow Aeroflot op-A"]
[Site "Moscow"]
[Date "2025.03.02"]
[Round "3"]
[White "Najer, Evgeniy"]
[Black "Goganov, Aleksey"]
[Result "0-1"]
[WhiteElo "2637"]
[BlackElo "2472"]
[PlyCount "164"]
[EventDate "2025.03.01"]
[EventType "swiss"]
[EventRounds "9"]
[EventCountry "RUS"]
[SourceTitle "CB11_2025"]
[SourceDate "2025.03.12"]
[SourceVersion "1"]
[SourceVersionDate "2025.03.12"]
[SourceQuality "1"]

1. e4 c5 2. Nf3 d6 3. d4 cxd4 4. Nxd4 Nf6 5. Nc3 a6 6. h3 e5 7. Nb3 Be6 8. f4 Nc6 9. f5 Bxb3 10. axb3 Nb4 11. Be2 Rc8 12. 0-0 Be7 13. Bf3 0-0 14. Kh1 Re8 15. Rf2 d5 16. exd5 e4 17. Nxe4 Nxe4 18. Bxe4 Bd6 19. Bf4 Rxe4 20. Bxd6 Qxd6 21. c3 Nxd5 22. c4 Re5 23. cxd5 Rxd5 24. Qf3 Rd8 25. Re1 h6 26. f6 Rd1 27. Rff1 Rxe1 28. Rxe1 Qxf6 29. Qxb7 Rd2 30. Qa8+ Kh7 31. Qe4+ g6 32. Qc4 Rf2 33. b4 Qxb2 34. Rf1 Rf6 35. Rxf6 Qxf6 36. Qc5 Qf1+ 37. Kh2 h5 38. Qe5 Qc4 39. Qf6 Kg8 40. Kh1 Kf8 41. Qd8+ Kg7 42. Qe7 Qc1+ 43. Kh2 Qf4+ 44. Kh1 Qf5 45. Qd6 Qf1+ 46. Kh2 g5 47. Qe5+ Kg6 48. Qe4+ Kh6 49. Qc6+ Kg7 50. Qc3+ Qf6 51. Qc5 Qf4+ 52. Kh1 Qf1+ 53. Kh2 Qb5 54. Qd6 f6 55. Kg1 Kg6 56. Qe6 h4 57. Kh1 Qf1+ 58. Kh2 Qa1 59. Qd7 Qe5+ 60. Kh1 Qe1+ 61. Kh2 Qe2 62. Kg1 f5 63. Qd6+ Kf7 64. Qh6 Qe1+ 65. Kh2 Qe5+ 66. Kh1 Qa1+ 67. Kh2 Qf6 68. Qh7+ Ke6 69. Qg8+ Ke5 70. Kh1 Kd4 71. Qc8 Kd3 72. Qc1 f4 73. Qf1+ Kd2 74. b5 axb5 75. Qxb5 f3 76. Qd5+ Ke3 77. Qc5+ Kd3 78. Qb5+ Kd2 79. Qa5+ Ke2 80. gxf3 Qxf3+ 81. Kg1 Qg3+ 82. Kh1 Qe1+ 0-1

[Event "RUS Cup final"]
[Site "Khanty-Mansiysk"]
[Date "2024.12.14"]
[Round "2.4"]
[White "Goganov, Aleksey"]
[Black "Iljiushenok, Ilia"]
[Result "1/2-1/2"]
[WhiteElo "2476"]
[BlackElo "2522"]
[PlyCount "89"]
[EventDate "2024.12.11"]
[EventType "k.o."]
[EventRounds "4"]
[EventCountry "RUS"]
[SourceTitle "CB52_2024"]
[SourceDate "2024.12.25"]
[SourceVersion "1"]
[SourceVersionDate "2024.12.25"]
[SourceQuality "1"]

1. e4 e5 2. Nf3 Nf6 3. Nxe5 d6 4. Nf3 Nxe4 5. d4 d5 6. Bd3 Bf5 7. 0-0 Be7 8. Nc3 0-0 9. Re1 Nxc3 10. bxc3 Bxd3 11. cxd3 Nc6 12. Bf4 Bd6 13. Ne5 Re8 14. Qh5 Qf6 15. Bg5 Qe6 16. f4 Nxe5 17. dxe5 Bf8 18. Bh4 Qc6 19. Rac1 Qa4 20. d4 c5 21. Rcd1 cxd4 22. cxd4 Rac8 23. f5 g6 24. Qg4 Qc2 25. Rf1 Rc7 26. e6 fxe6 27. fxe6 Bg7 28. e7 Qc6 29. Rde1 Qb6 30. Qf3 Qxd4+ 31. Kh1 Rcc8 32. Qf7+ Kh8 33. Bf6 Bxf6 34. Rxf6 Qc3 35. Rfe6 Qg7 36. Qf2 d4 37. h3 Rc7 38. Qf4 Rd7 39. Rf6 Rdxe7 40. Rxe7 Qxe7 41. Rf7 Qe1+ 42. Kh2 Qe5 43. Rf8+ Kg7 44. Rf7+ Kg8 45. Rf8+ 1/2-1/2

[Event "Tashkent President op 3rd"]
[Site "Tashkent"]
[Date "2024.11.28"]
[Round "8"]
[White "Usov, Aleksandr E"]
[Black "Goganov, Aleksey"]
[Result "0-1"]
[WhiteElo "2314"]
[BlackElo "2465"]
[PlyCount "64"]
[EventDate "2024.11.21"]
[EventType "swiss"]
[EventRounds "9"]
[EventCountry "UZB"]
[SourceTitle "CB49_2024"]
[SourceDate "2024.12.04"]
[SourceVersion "1"]
[SourceVersionDate "2024.12.04"]
[SourceQuality "1"]

1. d4 Nf6 2. c4 e6 3. Nc3 Bb4 4. e3 0-0 5. Bd3 d5 6. cxd5 exd5 7. a3 Bd6 8. Qc2 Na6 9. Nge2 c5 10. b3 b6 11. 0-0 Nc7 12. Bb2 Re8 13. Rfd1 Bb7 14. Ng3 g6 15. Nb5 Nxb5 16. Bxb5 Re6 17. Be2 h5 18. Bf3 Rc8 19. dxc5 bxc5 20. Ne2 Qc7 21. h3 d4 22. Bxb7 Qxb7 23. exd4 Rce8 24. Re1 Nd5 25. Kf1 Rf6 26. Nc3 Ne3+ 27. Rxe3 Rxe3 28. dxc5 Bxc5 29. Nd1 Qa6+ 30. Qc4 Rxb3 31. Rc1 Qxc4+ 32. Rxc4 Rxb2 0-1

[Event "Khanty-Mansiysk Governor Cup 20th"]
[Site "Khanty-Mansiysk"]
[Date "2024.11.11"]
[Round "7"]
[White "Levchenko, Leonid"]
[Black "Goganov, Aleksey"]
[Result "0-1"]
[WhiteElo "2016"]
[BlackElo "2465"]
[PlyCount "120"]
[EventDate "2024.11.05"]
[EventType "swiss"]
[EventRounds "9"]
[EventCountry "RUS"]
[SourceTitle "CB47_2024"]
[SourceDate "2024.11.20"]
[SourceVersion "1"]
[SourceVersionDate "2024.11.20"]
[SourceQuality "1"]

1. c4 e5 2. g3 Nf6 3. Bg2 d5 4. cxd5 Nxd5 5. Nf3 Nc6 6. 0-0 Nb6 7. b3 Be7 8. Bb2 Bf6 9. Nc3 Bf5 10. d3 0-0 11. Nd2 Qd7 12. Nce4 Be7 13. Rc1 Bh3 14. Bxh3 Qxh3 15. Nf3 Qe6 16. Qc2 Rad8 17. Rfd1 Nd5 18. a3 a5 19. Nc5 Bxc5 20. Qxc5 f6 21. Qc2 Kh8 22. e4 Nf4 23. Ne1 Nh3+ 24. Kg2 Ng5 25. h4 Qh3+ 26. Kg1 Ne6 27. Qe2 Ncd4 28. Bxd4 Nxd4 29. Qe3 Qg4 30. Kg2 Nxb3 31. Rb1 b6 32. Nf3 Nd4 33. Rbc1 c5 34. Rb1 Qe6 35. Rb2 Nxf3 36. Qxf3 Rd6 37. Rdb1 Rfd8 38. Qe2 h6 39. Kh2 Rc6 40. Qc2 Rd4 41. Rb5 Rcd6 42. Kg2 Rxd3 43. Rxb6 Rxg3+ 44. fxg3 Rxb6 45. Rxb6 Qxb6 46. Qa4 Kh7 47. Qd7 Qb2+ 48. Kh3 h5 49. Qf5+ Kh6 50. Qc8 Qe2 51. Qa8 Kh7 52. Qxa5 Qxe4 53. Kh2 Qe2+ 54. Kh3 Qf1+ 55. Kh2 Qf2+ 56. Kh3 e4 57. Qa8 Qf5+ 58. Kh2 e3 59. Qe8 Qf2+ 60. Kh3 Qf3 0-1

[Event "Khanty-Mansiysk Governor Cup 20th"]
[Site "Khanty-Mansiysk"]
[Date "2024.11.06"]
[Round "2"]
[White "Kozlov, Vadim1"]
[Black "Goganov, Aleksey"]
[Result "0-1"]
[WhiteElo "2096"]
[BlackElo "2465"]
[PlyCount "58"]
[EventDate "2024.11.05"]
[EventType "swiss"]
[EventRounds "9"]
[EventCountry "RUS"]
[SourceTitle "CB47_2024"]
[SourceDate "2024.11.20"]
[SourceVersion "1"]
[SourceVersionDate "2024.11.20"]
[SourceQuality "1"]

1. c4 e5 2. Nc3 Nf6 3. g3 Bb4 4. Bg2 0-0 5. e3 Bxc3 6. bxc3 Re8 7. e4 c6 8. Ne2 d5 9. cxd5 cxd5 10. exd5 Nxd5 11. 0-0 Nc6 12. d3 Bg4 13. Bb2 Qd7 14. Re1 Rad8 15. Qb3 Nb6 16. Nc1 Bh3 17. Bh1 e4 18. d4 Na5 19. Qc2 Nac4 20. Ne2 Nd5 21. Bc1 Bf5 22. a4 e3 23. Qd1 exf2+ 24. Kxf2 Nce3 25. Bxe3 Nxe3 26. Qb3 Nc2 27. Qxb7 Nxe1 28. Kxe1 Bd3 29. Ra2 Qe6 0-1

[Event "Chigorin Memorial 31st"]
[Site "St Petersburg"]
[Date "2024.10.29"]
[Round "4"]
[White "Goganov, Aleksey"]
[Black "Shmakov, Vadim"]
[Result "1-0"]
[WhiteElo "2463"]
[BlackElo "1982"]
[PlyCount "47"]
[EventDate "2024.10.26"]
[EventType "swiss"]
[EventRounds "9"]
[EventCountry "RUS"]
[SourceTitle "CB45_2024"]
[Source "ChessBase"]
[SourceDate "2024.11.06"]
[SourceVersion "1"]
[SourceVersionDate "2024.11.06"]
[SourceQuality "1"]

1. e4 e5 2. Nf3 Nc6 3. Bb5 Nf6 4. d3 Bc5 5. c3 0-0 6. 0-0 d5 7. Nbd2 dxe4 8. dxe4 Re8 9. Qc2 a6 10. Bxc6 bxc6 11. Nc4 Bd6 12. h3 h6 13. Rd1 Qe7 14. b4 Bd7 15. Be3 c5 16. a3 Bb5 17. Na5 Kh7 18. c4 Bd7 19. a4 Qf8 20. Nb3 Bc6 21. bxc5 Bxe4 22. Qe2 Be7 23. Nxe5 Rab8 24. Nd2 1-0

[Event "Chigorin Memorial 31st"]
[Site "St Petersburg"]
[Date "2024.10.26"]
[Round "1"]
[White "Timonteev, Aleksandr"]
[Black "Goganov, Aleksey"]
[Result "1/2-1/2"]
[WhiteElo "1877"]
[BlackElo "2463"]
[PlyCount "102"]
[EventDate "2024.10.26"]
[EventType "swiss"]
[EventRounds "9"]
[EventCountry "RUS"]
[SourceTitle "CB45_2024"]
[Source "ChessBase"]
[SourceDate "2024.11.06"]
[SourceVersion "1"]
[SourceVersionDate "2024.11.06"]
[SourceQuality "1"]

1. e4 c5 2. Nf3 d6 3. c3 Nf6 4. Be2 g6 5. 0-0 Bg7 6. Re1 0-0 7. Bf1 e5 8. d4 exd4 9. cxd4 Bg4 10. d5 Nbd7 11. Nc3 Ne8 12. h3 Bxf3 13. Qxf3 Nc7 14. Qg3 Rb8 15. a4 a6 16. a5 Be5 17. Bf4 Bxf4 18. Qxf4 Qf6 19. Qxf6 Nxf6 20. e5 dxe5 21. Rxe5 Rfd8 22. Bc4 Nce8 23. Na4 Nd6 24. b3 Rbc8 25. Rae1 Kf8 26. g4 Rc7 27. f3 Nd7 28. Re7 Re8 29. Rxe8+ Nxe8 30. Kf2 Nd6 31. Re2 Rc8 32. Re1 Re8 33. Rxe8+ Kxe8 34. Ke3 g5 35. f4 h6 36. Nc3 Nf6 37. Na4 Nd7 38. Nc3 b5 39. axb6 gxf4+ 40. Kxf4 Nxc4 41. bxc4 Nxb6 42. Ne4 Nxc4 43. Nxc5 a5 44. h4 Ke7 45. g5 h5 46. Kf5 Kd6 47. Nb7+ Kxd5 48. Nxa5 Nxa5 49. g6 fxg6+ 50. Kxg6 Ke6 51. Kxh5 Kf7 1/2-1/2

[Event "St Petersburg Rapid GP"]
[Site "St Petersburg"]
[Date "2024.08.25"]
[Round "6"]
[White "Goganov, Aleksey"]
[Black "Fedorov, Alexei"]
[Result "1/2-1/2"]
[WhiteElo "2463"]
[BlackElo "2401"]
[PlyCount "78"]
[EventDate "2024.08.24"]
[EventType "swiss (rapid)"]
[EventRounds "11"]
[EventCountry "RUS"]
[SourceTitle "CBM 221 Extra"]
[Source "ChessBase"]
[SourceDate "2024.09.30"]
[SourceVersion "1"]
[SourceVersionDate "2024.09.30"]
[SourceQuality "1"]

1. e4 c5 2. Nf3 e6 3. d4 cxd4 4. Nxd4 a6 5. Bd3 Nf6 6. 0-0 e5 7. Nb3 d6 8. c4 Be7 9. Nc3 0-0 10. f3 a5 11. Be3 a4 12. Nc1 Qa5 13. N1e2 Nc6 14. Nb5 Nb4 15. Nec3 Nxd3 16. Qxd3 Be6 17. Rab1 Rfc8 18. b3 axb3 19. axb3 h6 20. Rfc1 Ra6 21. Nd5 Nxd5 22. cxd5 Bd7 23. Rxc8+ Bxc8 24. Rc1 Bd7 25. Nc7 Rb6 26. Bxb6 Qxb6+ 27. Kh1 Bg5 28. Rc2 Be3 29. b4 Bd4 30. Qa3 Bf2 31. Qb2 Be1 32. Rc1 Qe3 33. Rd1 Bc3 34. Qb3 Qe2 35. Rc1 Bh3 36. Rg1 Bxg2+ 37. Rxg2 Qf1+ 38. Rg1 Qxf3+ 39. Rg2 Qf1+ 1/2-1/2

[Event "St Petersburg Rapid GP"]
[Site "St Petersburg"]
[Date "2024.08.25"]
[Round "10"]
[White "Goganov, Aleksey"]
[Black "Pavlov, Danila"]
[Result "1/2-1/2"]
[WhiteElo "2463"]
[BlackElo "2366"]
[PlyCount "72"]
[EventDate "2024.08.24"]
[EventType "swiss (rapid)"]
[EventRounds "11"]
[EventCountry "RUS"]
[SourceTitle "CBM 221 Extra"]
[Source "ChessBase"]
[SourceDate "2024.09.30"]
[SourceVersion "1"]
[SourceVersionDate "2024.09.30"]
[SourceQuality "1"]

1. e4 e6 2. d4 d5 3. e5 c5 4. c3 Qa5 5. dxc5 Nc6 6. Nf3 Qc7 7. Bf4 Bxc5 8. Bd3 Nge7 9. b4 Bb6 10. 0-0 f5 11. Na3 a6 12. h4 h6 13. h5 g5 14. hxg6 Nxg6 15. Bh2 Qg7 16. Re1 Rg8 17. Bf1 Bc7 18. c4 d4 19. Nxd4 Ngxe5 20. Nxc6 bxc6 21. Qh5+ Kf8 22. Rad1 Ng4 23. Bxc7 Qxc7 24. f3 Qb6+ 25. c5 Qxb4 26. fxg4 Qxa3 27. Qxh6+ Kf7 28. g5 Qxc5+ 29. Kh1 Qc3 30. Be2 Qh8 31. Bf3 Qxh6+ 32. gxh6 Rh8 33. Rd6 Ra7 34. Rxc6 Bd7 35. Rb6 Rxh6+ 36. Kg1 Rh4 1/2-1/2

[Event "St Petersburg Rapid GP"]
[Site "St Petersburg"]
[Date "2024.08.25"]
[Round "11"]
[White "Polschikov, Alexey"]
[Black "Goganov, Aleksey"]
[Result "1/2-1/2"]
[WhiteElo "2358"]
[BlackElo "2463"]
[PlyCount "92"]
[EventDate "2024.08.24"]
[EventType "swiss (rapid)"]
[EventRounds "11"]
[EventCountry "RUS"]
[SourceTitle "CBM 221 Extra"]
[Source "ChessBase"]
[SourceDate "2024.09.30"]
[SourceVersion "1"]
[SourceVersionDate "2024.09.30"]
[SourceQuality "1"]

1. d4 Nf6 2. c4 e6 3. g3 d5 4. Bg2 dxc4 5. Nf3 a6 6. 0-0 Nc6 7. Bg5 Be7 8. e3 0-0 9. Nbd2 e5 10. dxe5 Ng4 11. Bxe7 Qxe7 12. Nxc4 Ngxe5 13. Nfxe5 Nxe5 14. Nxe5 Qxe5 15. Qb3 Rb8 16. Rfc1 Be6 17. Qc3 Qxc3 18. Rxc3 c6 19. b4 Rfd8 20. Rc2 Rd6 21. Kf1 Rbd8 22. Ke1 Kf8 23. Bf3 Ke7 24. Rd1 Rxd1+ 25. Bxd1 Rd3 26. Rb2 Ra3 27. Bb3 Bxb3 28. axb3 Ra1+ 29. Ke2 Kd6 30. Rd2+ Kc7 31. h4 Rb1 32. Rd3 Rb2+ 33. Kf3 f5 34. h5 b6 35. Rc3 Rd2 36. g4 fxg4+ 37. Kg3 Rd5 38. Kxg4 Kd6 39. f4 Rb5 40. Rd3+ Ke7 41. Rd4 c5 42. bxc5 Rxc5 43. e4 Rc1 44. b4 Rg1+ 45. Kf5 Rh1 46. Kg5 Rg1+ 1/2-1/2

[Event "St Petersburg Blitz GP"]
[Site "St Petersburg"]
[Date "2024.08.23"]
[Round "9"]
[White "Goganov, Aleksey"]
[Black "Bardyk, Artem"]
[Result "1-0"]
[WhiteElo "2463"]
[BlackElo "2277"]
[PlyCount "52"]
[EventDate "2024.08.23"]
[EventType "swiss (blitz)"]
[EventRounds "11"]
[EventCountry "RUS"]
[SourceTitle "EXT 2025"]
[Source "ChessBase"]
[SourceDate "2024.10.14"]
[SourceVersion "1"]
[SourceVersionDate "2024.10.14"]
[SourceQuality "1"]

1. d4 d5 2. c4 e6 3. Nf3 Nf6 4. g3 dxc4 5. Bg2 Bb4+ 6. Bd2 c5 7. Bxb4 cxb4 8. Ne5 0-0 9. a3 bxa3 10. Nxa3 Nc6 11. Nxc6 bxc6 12. Nxc4 Rb8 13. 0-0 Rb4 14. Ne5 Qxd4 15. Qxd4 Rxd4 16. Nxc6 Rd2 17. b4 Rxe2 18. Rxa7 Bd7 19. Rb1 Bxc6 20. Bxc6 Rb8 21. b5 Rc2 22. Bf3 g6 23. b6 Rcc8 24. b7 Rd8 25. Ra8 Kf8 26. Rc1 Ke7 1-0

[Event "St Petersburg Blitz GP"]
[Site "St Petersburg"]
[Date "2024.08.23"]
[Round "7"]
[White "Goganov, Aleksey"]
[Black "Kazmin, Semen"]
[Result "1-0"]
[WhiteElo "2463"]
[BlackElo "2179"]
[PlyCount "79"]
[EventDate "2024.08.23"]
[EventType "swiss (blitz)"]
[EventRounds "11"]
[EventCountry "RUS"]
[SourceTitle "EXT 2025"]
[Source "ChessBase"]
[SourceDate "2024.10.14"]
[SourceVersion "1"]
[SourceVersionDate "2024.10.14"]
[SourceQuality "1"]

1. e4 c5 2. Nf3 g6 3. c4 Nc6 4. d4 cxd4 5. Nxd4 Nf6 6. Nc3 d6 7. Be2 Nxd4 8. Qxd4 Bg7 9. Be3 0-0 10. Qd3 a5 11. 0-0 a4 12. f4 Qa5 13. Bd4 Nd7 14. Nd5 Re8 15. b4 Bxd4+ 16. Qxd4 Qa7 17. Qf2 Qxf2+ 18. Kxf2 Ra7 19. Ke3 b6 20. a3 e6 21. Nc3 Ba6 22. Rfd1 Rc8 23. b5 Bb7 24. Rxd6 Ba8 25. Rad1 Rcc7 26. Na2 Kf8 27. g4 Ke7 28. e5 f6 29. exf6+ Kxf6 30. Nb4 Ke7 31. R1d4 e5 32. Rd1 exf4+ 33. Kxf4 Nf8 34. Rxb6 Ne6+ 35. Ke3 Rc5 36. Bf3 Re5+ 37. Kf2 Bxf3 38. Kxf3 Nd8 39. Rbd6 Nf7 40. Nc6+ 1-0

[Event "Moscow op-A 20th"]
[Site "Moscow"]
[Date "2024.07.20"]
[Round "8"]
[White "Kataev, Aleksandr"]
[Black "Goganov, Aleksey"]
[Result "1-0"]
[WhiteElo "2185"]
[BlackElo "2481"]
[PlyCount "73"]
[EventDate "2024.07.16"]
[EventType "swiss"]
[EventRounds "9"]
[EventCountry "RUS"]
[SourceTitle "CBM 221 Extra"]
[Source "ChessBase"]
[SourceDate "2024.09.30"]
[SourceVersion "1"]
[SourceVersionDate "2024.09.30"]
[SourceQuality "1"]

1. d4 Nf6 2. c4 e6 3. g3 d5 4. Nf3 dxc4 5. Bg2 a6 6. Ne5 Bb4+ 7. Nc3 Nd5 8. 0-0 0-0 9. Ne4 b5 10. b3 cxb3 11. axb3 Bb7 12. Qc2 Qe7 13. Ng5 g6 14. Ne4 f6 15. Nd3 a5 16. Bh6 Re8 17. h4 Nd7 18. Rfc1 Rec8 19. Qb2 Kf7 20. Nec5 Bxc5 21. Nxc5 Nxc5 22. Rxc5 c6 23. Bd2 Qd8 24. g4 Qb6 25. e4 Nb4 26. Bxb4 axb4 27. Rxa8 Rxa8 28. e5 fxe5 29. Rxe5 Rd8 30. Re4 Qc7 31. Qc1 Qe7 32. h5 g5 33. Re5 Rxd4 34. Rxg5 Qd6 35. Qc2 Kf8 36. Qxh7 Rd1+ 37. Bf1 1-0

[Event "Moscow op-A 20th"]
[Site "Moscow"]
[Date "2024.07.18"]
[Round "5"]
[White "Goganov, Aleksey"]
[Black "Kleimenov, Nikolay"]
[Result "1/2-1/2"]
[WhiteElo "2481"]
[BlackElo "2119"]
[PlyCount "68"]
[EventDate "2024.07.16"]
[EventType "swiss"]
[EventRounds "9"]
[EventCountry "RUS"]
[SourceTitle "CBM 221 Extra"]
[Source "ChessBase"]
[SourceDate "2024.09.30"]
[SourceVersion "1"]
[SourceVersionDate "2024.09.30"]
[SourceQuality "1"]

1. d4 d5 2. c4 e6 3. Nf3 Nf6 4. g3 Nc6 5. Bg2 Bd6 6. 0-0 0-0 7. cxd5 exd5 8. Nc3 h6 9. Bf4 Re8 10. Bxd6 Qxd6 11. e3 Bg4 12. Qb3 Bxf3 13. Bxf3 Ne7 14. Rfc1 a6 15. Na4 c6 16. Nc5 Rab8 17. a4 h5 18. Qd3 g6 19. b4 h4 20. Kg2 hxg3 21. hxg3 Nf5 22. Re1 Re7 23. Re2 Rbe8 24. Rae1 Kg7 25. Qc3 g5 26. Qd3 Ne4 27. Bxe4 dxe4 28. Qc3 Qf6 29. Rc2 Nd6 30. d5 Re5 31. Rh1 Qf3+ 32. Kg1 Qd1+ 33. Kg2 Qf3+ 34. Kg1 Qd1+ 1/2-1/2

[Event "Voronezh Petrovsky Russian Cup"]
[Site "Voronezh"]
[Date "2024.06.15"]
[Round "4"]
[White "Goganov, Aleksey"]
[Black "Belyakov, Bogdan"]
[Result "1/2-1/2"]
[WhiteElo "2483"]
[BlackElo "2381"]
[PlyCount "80"]
[EventDate "2024.06.12"]
[EventType "swiss"]
[EventRounds "9"]
[EventCountry "RUS"]
[SourceTitle "EXT 2025"]
[Source "ChessBase"]
[SourceDate "2024.10.14"]
[SourceVersion "1"]
[SourceVersionDate "2024.10.14"]
[SourceQuality "1"]

1. d4 Nf6 2. c4 e6 3. Nf3 d5 4. g3 Be7 5. Bg2 0-0 6. 0-0 dxc4 7. Qc2 b5 8. a4 Bb7 9. axb5 a6 10. Nc3 axb5 11. Rxa8 Bxa8 12. Nxb5 Bd5 13. Nc3 Bxf3 14. Bxf3 Qxd4 15. Qa4 Qc5 16. Be3 Qb4 17. Qxb4 Bxb4 18. Rc1 Nbd7 19. Bf4 Bd6 20. Nb5 Bxf4 21. gxf4 Rb8 22. Nxc7 Rxb2 23. Rxc4 g6 24. Na6 e5 25. fxe5 Nxe5 26. Rc8+ Kg7 27. Kg2 Nfd7 28. Nc5 Nxc5 29. Rxc5 Nxf3 30. Kxf3 Ra2 31. Rd5 Rb2 32. Rc5 Ra2 33. Rd5 Rb2 34. Rc5 Ra2 35. Rd5 Rb2 36. Rc5 Ra2 37. Rd5 Rb2 38. Rc5 Ra2 39. Rd5 Rb2 40. Rc5 Ra2 1/2-1/2